Теоретические и методические основы выполнения проектов поясной одежды в материале. Ч. 1: Юбки (Запись № 12486162)

Подробности
000 -МАРКЕР
контрольное поле 02500nam2a2200289 4500
001 - ИДЕНТИФИКАТОР ЗАПИСИ
контрольное поле RU\NLR\BIBL_A\012870077
005 - ИДЕНТИФИКАТОР ВЕРСИИ
контрольное поле 20221110155931.0
010 ## - МЕЖДУНАРОДНЫЙ СТАНДАРТНЫЙ НОМЕР КНИГИ (ISBN)
Номер (ISBN) 978-59929-1006-3
Уточнения ч. 1
Тираж 100
021 ## - НОМЕР ГОСУДАРСТВЕННОЙ РЕГИСТРАЦИИ
Код страны Российская Федерация
Номер КН-П-22-039354
Номер Листа государственной регистраци КН-П-22-3396
035 ## - ДРУГИЕ СИСТЕМНЫЕ НОМЕРА
Идентификатор записи (NLR Aleph) 012870077
035 ## - ДРУГИЕ СИСТЕМНЫЕ НОМЕРА
Идентификатор записи (RuMoRGB)011116216
100 ## - ДАННЫЕ ОБЩЕЙ ОБРАБОТКИ
Данные общей обработки 20220818d2021 u y0rusy50 ca
101 0# - ЯЗЫК РЕСУРСА
Язык текста, звукозаписи и т.д. русский
102 ## - СТРАНА ПУБЛИКАЦИИ ИЛИ ПРОИЗВОДСТВА
Страна публикации Российская Федерация
105 ## - ПОЛЕ КОДИРОВАННЫХ ДАННЫХ: ТЕКСТОВЫЕ МАТЕРИАЛЫ, МОНОГРАФИЧЕСКИЕ
Кодированные данные о монографическом текстовом документе |||j|||000zy
200 1# - ЗАГЛАВИЕ И СВЕДЕНИЯ ОБ ОТВЕТСТВЕННОСТИ
Основное заглавие Юбки
210 ## - ПУБЛИКАЦИЯ, РАСПРОСТРАНЕНИЕ И ДР.
Дата издания, распространения и т.д. 2021
215 ## - ФИЗИЧЕСКАЯ ХАРАКТЕРИСТИКА
Специфическое обозначение материала и объем 145 с.
Другие сведения о физической характеристике ил., табл.
320 ## - ПРИМЕЧАНИЯ О НАЛИЧИИ В ДОКУМЕНТЕ БИБЛИОГРАФИИ / УКАЗАТЕЛЯ
Текст примечания Библиогр.: с. 144-145 (20 назв.)
461 #0 - УРОВЕНЬ НАБОРА
Встроенное поле 001RU\NLR\BIBL_A\012870075
-- 2001#$aТеоретические и методические основы выполнения проектов поясной одежды в материале$eучебное пособие$eдля студентов, обучающихся по направлениям подготовки 29.03.05 "Конструирование изделий лёгкой промышленности", 54.03.03 "Искусство костюма и текстиля"$fН. П. Бирюкова$gМинистерство науки и высшего образования Российской Федерации, Федеральное государственное бюджетное образовательное учреждение высшего образования "Орловский государственный университет имени И. С. Тургенева"$vЧ. 1
-- 700#1$aБирюкова$bН. П.$gНаталия Петровна
Системный номер (АБИС) связанной записи 12486156
Автор Бирюкова, Н. П.
Место публикации Орел
Дата публикации 2021
Первые сведения об ответственности Н. П. Бирюкова
Имя издателя, распространителя и т.д. ОГУ имени И.С. Тургенева
Сведения, относящиеся к заглавию учебное пособие : для студентов, обучающихся по направлениям подготовки 29.03.05 "Конструирование изделий лёгкой промышленности", 54.03.03 "Искусство костюма и текстиля"
Заглавие Теоретические и методические основы выполнения проектов поясной одежды в материале
ISBN 9785992910070
Номер тома Ч. 1
606 1# - НАИМЕНОВАНИЕ ТЕМЫ КАК ПРЕДМЕТ
Наименование темы Юбки
Формальный подзаголовок Учебные издания для высших учебных заведений
Тематический подзаголовок Конструирование
Системный номер авторитетной/нормативной записи 2017362
Идентификатор авторитетной/нормативной записи RU\NLR\AUTH\661213114
686 1# - ИНДЕКСЫ ДРУГИХ КЛАССИФИКАЦИЙ
Индекс М414.4-2я73-1
942 ## - ДОПОЛНИТЕЛЬНЫЕ ЭЛЕМЕНТЫ ЗАПИСИ (АБИС)
Тип экземпляра АБИС Книга
980 ## - КОЛЛЕКЦИЯ
Название коллекции Национальная библиография
Экземпляры
Тип экземпляра Дата поступления Источник поступления Библиотека постоянного хранения Библиотека текущего хранения Место хранения Шифр хранения Штрих-код Статус экземпляра
Книга 18.08.2022 Обязательный экземпляр РНБ (Московский) РНБ (Московский) Русский книжный фонд: издания с 1957 года 2022-3/22600 1-3936790  
Книга 18.08.2022 Обязательный экземпляр РНБ (Московский) РНБ (Московский) Русский книжный фонд: издания с 1957 года 2022-3/22600 1-3936794